| 000 | 00661nam a2200193Ia 4500 | ||
|---|---|---|---|
| 999 |
_c35844 _d35844 |
||
| 001 | 1735 | ||
| 003 | GE_BSU | ||
| 005 | 20231002125327.0 | ||
| 008 | 181216s1972||||ge |||||||||||||| ||geo|| | ||
| 040 | _cGE_BSU | ||
| 041 | _ageo | ||
| 080 | _a398:621.353.31 კ–32 | ||
| 100 |
_aკარტოზია, გურამ _93607 |
||
| 245 |
_aლაზური ტექსტები = Лазские тексты / _cგურამ კარტოზია. |
||
| 264 |
_aთბილისი : _bმეცნიერება, _c1972. |
||
| 300 |
_a237 გვ.; _b21 სმ. |
||
| 653 | _aლაზური ტექსტები | ||
| 942 |
_cBK _2udc |
||